000 00395nam a2200157Ia 4500
008 160316s2006 xxu||||| |||| 00| 0 eng d
082 _a910.000000
_bFUN
100 _a
245 _aFundamentals of physical geography : Textbook for class XI
250 _a
260 _aNew Delhi
_bN C E R T
_c2006
300 _a144p
_b
_ciii
365 _b Rs. 45
650 _a1. Geography
700 _a
_a
999 _c26708
_d26708